World report on disability / (Record no. 713)

MARC details
000 -LEADER
fixed length control field 03894cam a22005057a 4500
001 - CONTROL NUMBER
control field 17601296
003 - CONTROL NUMBER IDENTIFIER
control field OSt
005 - DATE AND TIME OF LATEST TRANSACTION
control field 20230606150818.0
008 - FIXED-LENGTH DATA ELEMENTS--GENERAL INFORMATION
fixed length control field 130124s2011 sz a b 001 0 eng d
010 ## - LIBRARY OF CONGRESS CONTROL NUMBER
LC control number 2012499561
020 ## - INTERNATIONAL STANDARD BOOK NUMBER
International Standard Book Number 9789241564182 (pbk.)
020 ## - INTERNATIONAL STANDARD BOOK NUMBER
International Standard Book Number 9241564180
035 ## - SYSTEM CONTROL NUMBER
System control number (OCoLC)ocn742386216
040 ## - CATALOGING SOURCE
Original cataloging agency HNC
Transcribing agency HNC
Modifying agency UPM
-- HPH
-- BTCTA
-- YDXCP
-- BWX
-- IAI
-- ERN
-- DLC
042 ## - AUTHENTICATION CODE
Authentication code lccopycat
050 00 - LIBRARY OF CONGRESS CALL NUMBER
Classification number HV1568
Item number .W675 2011
082 ## - DEWEY DECIMAL CLASSIFICATION NUMBER
Classification number 362
Item number WHO
245 00 - TITLE STATEMENT
Title World report on disability /
Statement of responsibility, etc. World Health Organization [and] The World Bank.
260 ## - PUBLICATION, DISTRIBUTION, ETC. (IMPRINT)
Place of publication, distribution, etc. Geneva, Switzerland :
Name of publisher, distributor, etc. World Health Organization,
Date of publication, distribution, etc. c2011.
300 ## - PHYSICAL DESCRIPTION
Extent xxiii, 325 p. :
Other physical details ill. ;
Dimensions 28 cm.
504 ## - BIBLIOGRAPHY, ETC. NOTE
Bibliography, etc Includes bibliographical references and index.
505 2# - FORMATTED CONTENTS NOTE
Formatted contents note Chapter 1. Understanding disability. What is disability? -- Disability and human rights -- Disability and development. 2. Disability: a global picture. Measuring disability -- Prevalence of disability: difficulties in functioning -- Health conditions -- Demographics -- The environment -- Disability and poverty -- Needs for services and assistance -- Costs of disability -- Conclusion and recommendations. 3. General health care. Understanding the health of people with disabilities -- Addressing barriers to health care -- Conclusion and recommendations. 4. Rehabilitation. Understanding rehabilitation -- Addressing barriers to rehabilitation -- Reforming policies, laws, and delivery systems -- Developing funding mechanisms for rehabilitation -- Increasing human resources for rehabilitation -- Expanding and decentralizing service delivery -- Increasing the use and affordability of technology -- Expanding research and evidence-based practice -- Conclusion and recommendations. 5. Assistance and support. Understanding assistance and support -- Barriers to assistance and support -- Addressing the barriers to assistance and support -- Conclusion and recommendations. 6. Enabling environments. Understanding access to physical and information environments -- Addressing the barriers in buildings and roads -- Addressing the barriers in public transportation -- Barriers to information and communication -- Addressing the barriers to information and technology -- Conclusion and recommendations. 7. Education. Educational participation and children with disability -- Understanding education and disability -- Barriers to education for children with disabilities -- Addressing barriers to education -- Conclusion and recommendations. 8. Work and employment. Understanding labour markets -- Barriers to entering the labour market -- Addressing the barriers to work and employment -- Conclusion and recommendations. 9. The way forward: recommendations. Disability: a global concern -- Recommendations -- Conclusion.
538 ## - SYSTEM DETAILS NOTE
System details note Also available on the World Wide Web.
538 ## - SYSTEM DETAILS NOTE
System details note System requirements: Adobe reader.
650 #0 - SUBJECT ADDED ENTRY--TOPICAL TERM
Topical term or geographic name as entry element People with disabilities
General subdivision Civil rights.
650 #0 - SUBJECT ADDED ENTRY--TOPICAL TERM
Topical term or geographic name as entry element People with disabilities
General subdivision Legal status, laws, etc.
650 #0 - SUBJECT ADDED ENTRY--TOPICAL TERM
Topical term or geographic name as entry element People with disabilities
General subdivision Services for.
650 #0 - SUBJECT ADDED ENTRY--TOPICAL TERM
Topical term or geographic name as entry element People with disabilities
General subdivision Rehabilitation.
650 #0 - SUBJECT ADDED ENTRY--TOPICAL TERM
Topical term or geographic name as entry element Barrier-free design
General subdivision Law and legislation.
650 #0 - SUBJECT ADDED ENTRY--TOPICAL TERM
Topical term or geographic name as entry element People with disabilities
General subdivision Education.
650 #0 - SUBJECT ADDED ENTRY--TOPICAL TERM
Topical term or geographic name as entry element People with disabilities
General subdivision Employment.
650 #2 - SUBJECT ADDED ENTRY--TOPICAL TERM
Topical term or geographic name as entry element Disabled Persons
General subdivision statisics & numerical data.
650 #2 - SUBJECT ADDED ENTRY--TOPICAL TERM
Topical term or geographic name as entry element Disabled Persons
General subdivision rehabilitation.
650 #2 - SUBJECT ADDED ENTRY--TOPICAL TERM
Topical term or geographic name as entry element Delivery of Health Care.
650 #2 - SUBJECT ADDED ENTRY--TOPICAL TERM
Topical term or geographic name as entry element Disabled Children.
650 #2 - SUBJECT ADDED ENTRY--TOPICAL TERM
Topical term or geographic name as entry element Education, Speical.
650 #2 - SUBJECT ADDED ENTRY--TOPICAL TERM
Topical term or geographic name as entry element Employment, Supported.
650 #2 - SUBJECT ADDED ENTRY--TOPICAL TERM
Topical term or geographic name as entry element Health Policy.
710 2# - ADDED ENTRY--CORPORATE NAME
Corporate name or jurisdiction name as entry element World Health Organization.
710 2# - ADDED ENTRY--CORPORATE NAME
Corporate name or jurisdiction name as entry element World Bank.
856 40 - ELECTRONIC LOCATION AND ACCESS
Uniform Resource Identifier <a href="http://whqlibdoc.who.int/publications/2011/9789240685215_eng.pdf">http://whqlibdoc.who.int/publications/2011/9789240685215_eng.pdf</a>
906 ## - LOCAL DATA ELEMENT F, LDF (RLIN)
a 7
b cbc
c copycat
d 3
e ncip
f 20
g y-gencatlg
942 ## - ADDED ENTRY ELEMENTS (KOHA)
Source of classification or shelving scheme Dewey Decimal Classification
Koha item type Books
Holdings
Withdrawn status Lost status Source of classification or shelving scheme Damaged status Not for loan Home library Current library Date acquired Total Checkouts Full call number Barcode Date last seen Price effective from Koha item type
    Dewey Decimal Classification     Bunge Tower Library Bunge Tower Library 06/06/2023   362 WHO 1000505 06/06/2023 06/06/2023 Books
LIBRARY OPENING HOURS

When the Parliament is sitting: 8.00a.m - 7.00p.m or until the house adjourns
Mondays and Fridays and when the House is on Recess:  8.00a.m - 5.00p.m
Closed on Weekends and Public Holidays

Online Public Access Catalog (OPAC)
Website: http://www.parliament.go.ke
Bunge Library: https://libraryir.parliament.go.ke
Contact: library@parliament.go.ke | Tel no: (254-2)2221291 or 2848000 Ext 5043